000
00292nam a22001217a 4500
008
171124b xxu||||| |||| 00| 0 eng d
041
_a
eng
080
_a
14
100
_a
95
101
_a
HIS
245
_a
THE WESTMINSTER HISTORICAL ATLAS TO THE BIBLE
_c
GEORGE.E.W
942
_2
udc
_c
BK
999
_c
38474
_d
38474